LEADER 03759oam 2200757I 450 001 9910459240703321 005 20200520144314.0 010 $a1-136-89394-6 010 $a1-283-03824-2 010 $a9786613038241 010 $a0-203-84077-1 024 7 $a10.4324/9780203840771 035 $a(CKB)2560000000059041 035 $a(EBL)958339 035 $a(OCoLC)798530624 035 $a(SSID)ssj0000468438 035 $a(PQKBManifestationID)12140898 035 $a(PQKBTitleCode)TC0000468438 035 $a(PQKBWorkID)10498276 035 $a(PQKB)10419482 035 $a(OCoLC)709768091 035 $a(MiAaPQ)EBC958339 035 $a(Au-PeEL)EBL958339 035 $a(CaPaEBR)ebr10446787 035 $a(CaONFJC)MIL303824 035 $a(EXLCZ)992560000000059041 100 $a20180706d2011 uy 0 101 0 $aeng 135 $aur|n|---||||| 181 $ctxt 182 $cc 183 $acr 200 10$aDiaspora literature and visual culture $eAsia in flight /$fSheng-mei Ma 210 1$aOxon ;$aNew York :$cRoutledge,$d2011. 215 $a1 online resource (192 p.) 225 0 $aRoutledge contemporary Asia series ;$v27 300 $aDescription based upon print version of record. 311 $a0-415-85534-9 311 $a0-415-59426-X 320 $aIncludes bibliographical references and index. 327 $aBook Cover; Title; Copyright; Contents; Acknowledgments; Introduction; Part I Asian diaspora visual culture; 1 Shadow's shadow in visual culture: Anime's doll, alien's home; 2 Inter-Asia unbilical love in visual culture; 3 Chinese cinema's global dream, multilinguality, and dialect's wake; 4 Found(l)ing Taiwanese: From Chinese fatherland to Japanese Okasan; 5 Genesis by the sword and special effects in Korean TV costume drama; Part II Asian diaspora literature; 6 Chinese graffiti: Poetic out from Muk Lau, Tongyan Gaai, and House of English 327 $a7 Italic and indiscernible Asianness in Asian diaspora literature8 Tears of Asian diaspora in The Namesake: Empathetic nostalgia from an eyehole; 9 Eileen Chang and Zhang Ailing: A bilingual orphan; 10 Chink chic, a.k.a., shitnoiserie; Notes; Bibliography; Index 330 $aThis book offers an incisive and ambitious critique of Asian Diaspora culture, looking specifically at literature and visual popular culture. Sheng-mei Ma's engaging text discusses issues of self and its relationship with Asian Diaspora culture in the global twenty-first century. Using examples from Asia, Asian America, and Asian Diaspora from the West, the book weaves a narrative that challenges the twenty-first century triumphal discourse of Asia and argues that given the long shadow cast across modern film and literature, this upward mobility is inescapably escapist, a flig 410 0$aRoutledge Contemporary Asia Series 606 $aAmerican literature$xAsian American authors$xHistory and criticism$xTheory, etc 606 $aAsian diaspora 606 $aAsians$xEthnic identity 606 $aGroup identity in literature 606 $aMotion pictures$zAsia$xHistory 606 $aOther (Philosophy) in literature 608 $aElectronic books. 615 0$aAmerican literature$xAsian American authors$xHistory and criticism$xTheory, etc. 615 0$aAsian diaspora. 615 0$aAsians$xEthnic identity. 615 0$aGroup identity in literature. 615 0$aMotion pictures$xHistory. 615 0$aOther (Philosophy) in literature. 676 $a810.9/895 700 $aMa$b Sheng-mei.$0475688 801 0$bMiAaPQ 801 1$bMiAaPQ 801 2$bMiAaPQ 906 $aBOOK 912 $a9910459240703321 996 $aDiaspora literature and visual culture$92451682 997 $aUNINA LEADER 01195nas 2200397 c 450 001 9910893502503321 005 20260218110550.0 024 7 $aurn:nbn:de:bsz:boa-zdb2659056-68 035 $a(CKB)5280000000197891 035 $a(OCoLC)1184481336 035 $a(OCoLC)796202238 035 $a(DE-101)1021526800 035 $a(DE-599)ZDB2659056-6 035 $a(DE-599)2659056-6 035 $a(EXLCZ)995280000000197891 100 $a20120413a20059999 |y | 101 0 $ager 135 $aur||||||||||| 181 $ctxt$2rdacontent 182 $cc$2rdamedia 183 $acr$2rdacarrier 200 00$aArtur-Fischer-Erfinderpreis Baden-Württemberg$eDokumentation$fHrsg.: Stiftung Artur-Fischer-Erfinderpreis Baden-Württemberg 210 31$aStuttgart$cStiftung Artur-Fischer-Erfinderpreis Baden-Wu?rttemberg$d2005- 215 $aOnline-Ressource 300 $aGesehen am 23.01.15 608 $aZeitschrift$2gnd-content 676 $a000 676 $a600 676 $a330 801 0$b1240 801 1$bDE-101 801 2$b9999 906 $aJOURNAL 912 $a9910893502503321 996 $aArtur-Fischer-Erfinderpreis Baden-Wu?rttemberg$94256633 997 $aUNINA